000
00321 a2200157 4500
001
56924
020
_a
8532511198
040
_c
Anchieta - Pituba
100
_a
Applegate, K. A.
240
1
0
_a
A invasão
_l
por
245
1
0
_a
A invasão
300
_a
146
362
0
_a
2000
650
4
_a
Literatura juvenil
942
_c
BK
999
_c
56924
_d
56924